00414nam a2200157Ia 4500003000400000008004100004040001600045082001300061100002200074245005000096260003900146300001000185490002400195650001500219650002200234GCL140319s9999 xx 000 0 eng d aGCL / cGCL04a843bB B1 aBOUAARD, ALPHONSE10aLA BANQUET DES LEOPARDS / cBOUAARD, ALPHONSE a[S.N] : bLA TABLE RONDE ، c1987 a281 P aCOLLECTION FOLIOv004aLITERATURE04aFRENCH LITERATURE